2017 NBA All-Star Game Rosters - Statistics

General Stats
  • This quiz has been taken 266 times
  • The average score is 16 of 25
Answer Stats
Pos. Answers % Correct
F Lebron James
98%
G Stephen Curry
96%
F Kevin Durant
93%
G Klay Thompson
87%
G Russell westbrook
87%
G Kyrie Irving
85%
F Draymond Green
79%
G James Harden
78%
F Anthony Davis
75%
F Giannis Antetokounmpo
70%
F Kawhi Leonard
70%
C Demarcus Cousins
65%
F Kevin Love
64%
F Paul George
63%
G Kyle Lowry
62%
F Carmelo Anthony
60%
G Isaiah Thomas
57%
G Jimmy Butler
56%
G John Wall
56%
C DeAndre Jordan
51%
C Marc Gasol
47%
G Kemba Walker
45%
F Paul Millsap
35%
F Gordon Hayward
34%
G DeMar DeRozan
14%
No matching quizzes found
Score Distribution
Percent of People with Each Score
Percentile by Number Answered
Your Score History
You have not taken this quiz